书目信息 |
| 题名: |
明清笔记中的西域资料汇编
|
|
| 作者: | 姚晓菲 编著 | |
| 分册: | ||
| 出版信息: | 北京 学苑出版社 2016 |
|
| 页数: | 10,304页 | |
| 开本: | 24cm | |
| 丛书名: | 新疆师范大学文学院博士文丛 | |
| 单 册: | ||
| 中图分类: | K294.5 | |
| 科图分类: | ||
| 主题词: | 文史资料--wen shi zi liao--西域--明清时代--汇编 | |
| 电子资源: | ||
| ISBN: | 978-7-5077-4959-5 | |
| 000 | 00993nam0 22002531 450 | |
| 001 | 1752539109 | |
| 005 | 20170602161235.0 | |
| 010 | @a978-7-5077-4959-5@dCNY68.00 | |
| 100 | @a20160728d2016 kemy0chiy50 ea | |
| 101 | 0 | @achi |
| 102 | @aCN@b110000 | |
| 105 | @ay v 000yy | |
| 106 | @ar | |
| 200 | 1 | @a明清笔记中的西域资料汇编@Aming qing bi ji zhong de xi yu zi liao hui bian@f姚晓菲编著 |
| 210 | @a北京@c学苑出版社@d2016 | |
| 215 | @a10,304页@d24cm | |
| 225 | 2 | @a新疆师范大学文学院博士文丛@Axin jiang shi fan da xue wen xue yuan bo shi wen cong@f周珊主编 |
| 330 | @a本书选录了35种明清西域资料笔记,涉及明清各个时期、各个方面,集中而翔实地记载了明清时期西域的政治、经济、对外交往、地理、风土人情、物产习俗等状况。 | |
| 461 | 0 | @12001 @a新疆师范大学文学院博士文丛 |
| 606 | 0 | @a文史资料@Awen shi zi liao@y西域@z明清时代@j汇编 |
| 690 | @aK294.5@v5 | |
| 701 | 0 | @a姚晓菲@Ayao xiao fei@c(女,@f1975~)@4编著 |
| 801 | 0 | @aCN@bTANG WEI@c20170527 |
| 905 | @b0971143-7@dK294.5@e325@f5 | |
| 明清笔记中的西域资料汇编/姚晓菲编著.-北京:学苑出版社,2016 |
| 10,304页;24cm.-(新疆师范大学文学院博士文丛/周珊主编) |
| ISBN 978-7-5077-4959-5:CNY68.00 |
| 本书选录了35种明清西域资料笔记,涉及明清各个时期、各个方面,集中而翔实地记载了明清时期西域的政治、经济、对外交往、地理、风土人情、物产习俗等状况。 |
| ● |
| 相关链接 |
|
|
|
|
正题名:明清笔记中的西域资料汇编
索取号:K294.5/325
 
预约/预借
| 序号 | 登录号 | 条形码 | 馆藏地/架位号 | 状态 | 备注 |
| 1 | 0971143 | 209711436 | 第二样本阅览室/ [索取号:K294.5/325] | 在馆 | |
| 2 | 0971144 | 209711445 | 密集书库-史法系/ [索取号:K294.5/325] | 在馆 | |
| 3 | 0971145 | 209711454 | 第二借阅区/ [索取号:K294.5/325] | 在馆 | |
| 4 | 0971146 | 209711463 | 第二借阅区/ [索取号:K294.5/325] | 在馆 | |
| 5 | 0971147 | 209711472 | 第二借阅区/ [索取号:K294.5/325] | 在馆 |